[Event "EYCC 2024 - G12"]
[Site "?"]
[Date "2024.08.30"]
[Round "8.9"]
[White "Kusova, Nikola"]
[Black "Sunea, Sara Maria"]
[Result "1/2-1/2"]
[BlackElo "1871"]
[WhiteElo "1659"]
[LiveChessVersion "1.4.8"]

1. e4 {[%clk 1:30:58]} d5 {[%clk 1:30:56]} 2. exd5 {[%clk 1:31:21]} Qxd5
{[%clk 1:31:20]} 3. Nc3 {[%clk 1:31:42]} Qd6 {[%clk 1:31:47]} 4. d4
{[%clk 1:31:56]} c6 {[%clk 1:32:08]} 5. Nf3 {[%clk 1:30:18]} Nf6 {[%clk 1:32:31]}
6. Be2 {[%clk 1:26:54]} Bg4 {[%clk 1:31:34]} 7. h3 {[%clk 1:24:40]} Bh5
{[%clk 1:31:50]} 8. O-O {[%clk 1:23:25]} e6 {[%clk 1:31:47]} 9. Be3
{[%clk 1:22:02]} Nbd7 {[%clk 1:31:57]} 10. Nd2 {[%clk 1:19:25]} Bg6
{[%clk 1:30:00]} 11. Nc4 {[%clk 1:19:24]} Qc7 {[%clk 1:30:08]} 12. Qd2
{[%clk 1:19:22]} Nb6 {[%clk 1:26:19]} 13. Bf4 {[%clk 1:15:31]} Nxc4
{[%clk 1:26:42]} 14. Bxc4 {[%clk 1:15:25]} Bd6 {[%clk 1:27:01]} 15. Bxd6
{[%clk 1:15:37]} Qxd6 {[%clk 1:27:30]} 16. Rfe1 {[%clk 1:14:36]} O-O
{[%clk 1:26:40]} 17. Rad1 {[%clk 1:13:38]} Rfd8 {[%clk 1:24:47]} 18. Bb3
{[%clk 1:04:14]} a5 {[%clk 1:16:40]} 19. a4 {[%clk 0:58:41]} Rd7 {[%clk 1:14:46]}
20. Qe3 {[%clk 0:54:18]} Rad8 {[%clk 1:12:00]} 21. Qe5 {[%clk 0:42:35]} b6
{[%clk 1:00:39]} 22. Qxd6 {[%clk 0:38:12]} Rxd6 {[%clk 1:01:07]} 23. Ne2
{[%clk 0:38:30]} b5 {[%clk 0:55:17]} 24. c3 {[%clk 0:28:52]} Rb8 {[%clk 0:51:02]}
25. axb5 {[%clk 0:26:54]} cxb5 {[%clk 0:47:08]} 26. Nf4 {[%clk 0:23:53]} Be4
{[%clk 0:39:36]} 27. f3 {[%clk 0:23:58]} Bd5 {[%clk 0:39:49]} 28. Bxd5
{[%clk 0:21:42]} Nxd5 {[%clk 0:40:22]} 29. Nxd5 {[%clk 0:20:40]} Rxd5
{[%clk 0:36:57]} 30. Re5 {[%clk 0:20:34]} Rbd8 {[%clk 0:37:26]} 31. Rxd5
{[%clk 0:20:34]} Rxd5 {[%clk 0:29:10]} 32. Ra1 {[%clk 0:20:39]} a4 33. b3
{[%clk 0:20:50]} Rd6 {[%clk 0:25:01]} 34. bxa4 {[%clk 0:20:53]} Ra6 35. a5
{[%clk 0:20:53]} Kf8 {[%clk 0:25:56]} 36. Kf2 Ke7 {[%clk 0:26:25]} 37. Ke3
{[%clk 0:20:54]} Kd6 38. Kd3 {[%clk 0:20:18]} Kd5 {[%clk 0:26:37]} 39. h4
{[%clk 0:17:02]} f5 {[%clk 0:21:37]} 40. g4 g6 41. h5 {[%clk 0:14:50]} g5
{[%clk 0:19:43]} 42. gxf5 {[%clk 0:13:56]} exf5 {[%clk 0:20:11]} 43. Re1
{[%clk 0:13:34]} Rxa5 {[%clk 0:11:34]} 44. Re5+ {[%clk 0:13:28]} Kc6
{[%clk 0:11:27]} 45. Rxf5 {[%clk 0:13:36]} Ra3 {[%clk 0:09:45]} 46. Rxg5
{[%clk 0:13:44]} b4 {[%clk 0:10:11]} 47. Rc5+ {[%clk 0:14:07]} Kd6
{[%clk 0:10:39]} 48. Rc4 {[%clk 0:13:21]} bxc3 {[%clk 0:10:28]} 49. Rxc3
{[%clk 0:13:43]} Ra1 {[%clk 0:10:57]} 50. Rc5 {[%clk 0:13:04]} Rd1+
{[%clk 0:08:42]} 51. Ke3 {[%clk 0:13:18]} Re1+ {[%clk 0:09:04]} 52. Kd2
{[%clk 0:13:25]} Rf1 {[%clk 0:08:17]} 53. Ke2 {[%clk 0:13:46]} Rh1
{[%clk 0:08:21]} 54. Rg5 {[%clk 0:13:38]} Rh4 {[%clk 0:06:31]} 55. Ke3
{[%clk 0:13:38]} Rh1 {[%clk 0:06:54]} 56. Kf4 {[%clk 0:13:16]} Rh4+
{[%clk 0:06:51]} 57. Ke3 {[%clk 0:13:15]} Rh1 {[%clk 0:07:16]} 58. Ra5
{[%clk 0:13:22]} Re1+ {[%clk 0:06:57]} 59. Kd2 {[%clk 0:13:41]} Rh1
{[%clk 0:07:15]} 60. Ra6+ {[%clk 0:13:44]} Kd5 {[%clk 0:07:37]} 61. Rh6
{[%clk 0:13:10]} Kxd4 {[%clk 0:07:43]} 62. Rxh7 {[%clk 0:13:18]} Rh2+
{[%clk 0:08:09]} 63. Kc1 {[%clk 0:12:36]} Kc3 {[%clk 0:07:58]} 64. Kd1
{[%clk 0:09:39]} Kd3 {[%clk 0:08:27]} 65. Ke1 {[%clk 0:10:03]} Ke3
{[%clk 0:08:56]} 66. Kf1 {[%clk 0:10:16]} Kxf3 {[%clk 0:09:11]} 67. Kg1
{[%clk 0:10:38]} Rh4 {[%clk 0:08:30]} 68. h6 {[%clk 0:10:45]} Kg4
{[%clk 0:08:17]} 69. Rg7+ {[%clk 0:07:07]} Kf5 {[%clk 0:08:37]} 70. h7
{[%clk 0:06:08]} 1/2-1/2

[Event "EYCC 2024 - G12"]
[Site "?"]
[Date "2024.08.30"]
[Round "8.10"]
[White "Pehlivanova, Aleksandra"]
[Black "Mataczyna, Aleksandra"]
[Result "1-0"]
[BlackElo "1720"]
[WhiteElo "1793"]
[LiveChessVersion "1.4.8"]

1. c4 {[%clk 1:30:58]} e5 {[%clk 1:25:48]} 2. g3 {[%clk 1:30:16]} Nf6
{[%clk 1:19:10]} 3. Bg2 {[%clk 1:29:32]} d5 {[%clk 1:17:20]} 4. cxd5
{[%clk 1:28:22]} Nxd5 {[%clk 1:17:32]} 5. Nc3 {[%clk 1:28:15]} Nxc3
{[%clk 1:08:20]} 6. bxc3 {[%clk 1:24:48]} g6 {[%clk 1:06:20]} 7. Bb2
{[%clk 1:23:40]} Bg7 {[%clk 1:02:46]} 8. Ba3 {[%clk 1:20:38]} Nc6
{[%clk 1:00:26]} 9. Rb1 {[%clk 1:18:23]} Ne7 {[%clk 0:54:33]} 10. Qa4+
{[%clk 1:06:58]} Bd7 {[%clk 0:46:54]} 11. Qb4 {[%clk 1:03:41]} Nc6
{[%clk 0:42:27]} 12. Qb2 {[%clk 1:02:11]} Bf6 {[%clk 0:40:21]} 13. d3
{[%clk 0:56:55]} Be7 {[%clk 0:38:52]} 14. Nf3 {[%clk 0:54:51]} O-O
{[%clk 0:38:36]} 15. O-O {[%clk 0:55:00]} Re8 {[%clk 0:35:33]} 16. Bxe7
{[%clk 0:54:36]} Qxe7 {[%clk 0:35:40]} 17. Nd2 {[%clk 0:49:50]} b6
{[%clk 0:32:06]} 18. Nb3 {[%clk 0:47:15]} Rad8 {[%clk 0:31:24]} 19. e3
{[%clk 0:45:10]} Qd6 {[%clk 0:19:17]} 20. d4 {[%clk 0:44:48]} e4 {[%clk 0:18:01]}
21. Qe2 {[%clk 0:42:39]} f5 {[%clk 0:13:37]} 22. Rfc1 {[%clk 0:40:21]} Qf6
{[%clk 0:10:30]} 23. a3 {[%clk 0:38:35]} Kh8 {[%clk 0:08:28]} 24. c4
{[%clk 0:38:04]} Ne7 {[%clk 0:06:14]} 25. Rc2 {[%clk 0:33:59]} g5
{[%clk 0:04:55]} 26. Nd2 {[%clk 0:33:30]} Ng6 {[%clk 0:04:51]} 27. Rcb2
{[%clk 0:31:04]} Re7 {[%clk 0:04:17]} 28. Qd1 {[%clk 0:30:03]} Rde8
{[%clk 0:04:02]} 29. Qc2 {[%clk 0:30:28]} h5 {[%clk 0:02:31]} 30. a4
{[%clk 0:28:34]} Rh7 {[%clk 0:01:45]} 31. c5 {[%clk 0:26:33]} Bc6
{[%clk 0:01:22]} 32. cxb6 {[%clk 0:25:39]} axb6 {[%clk 0:01:41]} 33. Rc1
{[%clk 0:25:22]} Bb7 {[%clk 0:01:05]} 34. a5 {[%clk 0:23:03]} Ba6
{[%clk 0:00:40]} 35. axb6 {[%clk 0:22:23]} cxb6 {[%clk 0:00:56]} 36. Qc6
{[%clk 0:21:34]} Qf7 {[%clk 0:00:48]} 37. Qxb6 {[%clk 0:20:20]} Bb7
{[%clk 0:00:49]} 38. Rcb1 {[%clk 0:18:58]} Re7 {[%clk 0:00:41]} 39. Rb5
{[%clk 0:15:36]} Kg7 {[%clk 0:00:34]} 40. Qa5 {[%clk 0:15:40]} Bc8
{[%clk 0:00:38]} 41. Rc1 {[%clk 0:15:16]} Be6 {[%clk 0:00:38]} 42. Qc3
{[%clk 0:14:39]} Kh6 {[%clk 0:00:36]} 43. Rcb1 {[%clk 0:13:01]} Rc7
{[%clk 0:00:35]} 44. Qb2 {[%clk 0:12:35]} Ne7 {[%clk 0:00:41]} 45. Ra1
{[%clk 0:09:01]} Nd5 {[%clk 0:00:47]} 46. Bf1 {[%clk 0:07:26]} Rh8
{[%clk 0:00:47]} 47. Nb3 {[%clk 0:05:04]} Rhc8 {[%clk 0:00:42]} 48. Nc5
{[%clk 0:05:17]} Bd7 {[%clk 0:00:35]} 49. Rba5 {[%clk 0:05:02]} Kh7
{[%clk 0:00:38]} 50. Bc4 {[%clk 0:05:09]} Bc6 {[%clk 0:00:48]} 51. Qb3
{[%clk 0:05:00]} Rd8 {[%clk 0:00:55]} 52. Ra6 {[%clk 0:04:32]} Qe7
{[%clk 0:00:38]} 53. Rxc6 {[%clk 0:03:09]} Rxc6 {[%clk 0:01:02]} 54. Bxd5
{[%clk 0:03:38]} Rcd6 {[%clk 0:01:02]} 55. Be6 {[%clk 0:03:43]} Kg6
{[%clk 0:00:36]} 56. d5 {[%clk 0:02:37]} Rf8 {[%clk 0:00:34]} 57. Ra5
{[%clk 0:02:31]} Rdd8 {[%clk 0:00:33]} 58. Qa2 {[%clk 0:02:28]} Rfe8
{[%clk 0:00:34]} 59. Nb3 {[%clk 0:02:25]} Rb8 {[%clk 0:00:42]} 60. Nd4
{[%clk 0:02:48]} f4 {[%clk 0:00:36]} 61. Qc2 {[%clk 0:02:15]} Qb4
{[%clk 0:00:31]} 62. Qxe4+ {[%clk 0:02:16]} Kh6 {[%clk 0:00:39]} 63. Nf5+
{[%clk 0:02:17]} Kh7 {[%clk 0:00:49]} 64. Ra7+ {[%clk 0:02:09]} Re7
{[%clk 0:00:35]} 65. Rxe7+ {[%clk 0:02:28]} 1-0

[Event "EYCC 2024 - G12"]
[Site "?"]
[Date "2024.08.30"]
[Round "8.11"]
[White "Svitenko, Solomiia"]
[Black "Lackova, Lucie"]
[Result "1-0"]
[BlackElo "1605"]
[WhiteElo "1686"]
[LiveChessVersion "1.4.8"]

1. e4 {[%clk 1:30:56]} c6 {[%clk 1:30:54]} 2. d4 {[%clk 1:31:20]} d5
{[%clk 1:31:20]} 3. exd5 {[%clk 1:31:40]} cxd5 {[%clk 1:31:45]} 4. Bd3
{[%clk 1:32:01]} Nf6 {[%clk 1:32:04]} 5. h3 {[%clk 1:32:21]} Nc6 {[%clk 1:32:21]}
6. c3 {[%clk 1:32:30]} e6 {[%clk 1:31:51]} 7. Nf3 {[%clk 1:31:30]} Be7
{[%clk 1:31:25]} 8. Bf4 {[%clk 1:31:31]} Bd7 {[%clk 1:30:33]} 9. O-O
{[%clk 1:31:24]} O-O {[%clk 1:30:51]} 10. Ne5 {[%clk 1:30:08]} Rc8
{[%clk 1:26:23]} 11. Re1 {[%clk 1:24:55]} Qb6 {[%clk 1:17:58]} 12. Qe2
{[%clk 1:19:12]} a6 {[%clk 1:07:43]} 13. Bg3 {[%clk 0:58:37]} Qd8
{[%clk 1:06:44]} 14. Nd2 {[%clk 0:57:22]} Na5 {[%clk 1:03:56]} 15. a4
{[%clk 0:51:01]} Qe8 {[%clk 1:00:46]} 16. Bc2 {[%clk 0:50:32]} Nc6
{[%clk 0:57:56]} 17. Ndf3 {[%clk 0:50:25]} Na5 {[%clk 0:56:34]} 18. Bh2
{[%clk 0:43:11]} Nc4 {[%clk 0:55:37]} 19. Nxc4 {[%clk 0:40:55]} Rxc4
{[%clk 0:55:20]} 20. Ne5 {[%clk 0:40:09]} Rc8 {[%clk 0:55:14]} 21. Qd3
{[%clk 0:37:42]} Qd8 {[%clk 0:48:23]} 22. Ng4 {[%clk 0:37:14]} g6
{[%clk 0:48:20]} 23. Ne5 {[%clk 0:37:26]} Re8 {[%clk 0:48:22]} 24. Qf3
{[%clk 0:34:19]} Bf8 {[%clk 0:47:51]} 25. Bg3 {[%clk 0:33:58]} Be7
{[%clk 0:41:30]} 26. Bh4 {[%clk 0:32:34]} Bc6 {[%clk 0:41:26]} 27. Qf4
{[%clk 0:27:15]} Kg7 {[%clk 0:39:34]} 28. Bg5 {[%clk 0:26:15]} Kg8
{[%clk 0:34:58]} 29. h4 {[%clk 0:24:13]} Rf8 {[%clk 0:20:22]} 30. Bh6
{[%clk 0:24:08]} Nh5 {[%clk 0:20:06]} 31. Qf3 {[%clk 0:23:27]} Ng7
{[%clk 0:20:12]} 32. h5 {[%clk 0:17:55]} Bg5 {[%clk 0:17:55]} 33. hxg6
{[%clk 0:16:17]} fxg6 {[%clk 0:15:23]} 34. Qh3 {[%clk 0:15:53]} Qf6
{[%clk 0:13:03]} 35. Ng4 {[%clk 0:15:31]} Qf4 {[%clk 0:12:26]} 36. g3
{[%clk 0:14:20]} Qd2 {[%clk 0:11:31]} 37. Bxg6 {[%clk 0:09:25]} hxg6
{[%clk 0:10:46]} 38. Rad1 {[%clk 0:09:03]} Qc2 {[%clk 0:09:09]} 39. Bxg5
{[%clk 0:09:22]} Nh5 {[%clk 0:09:07]} 40. Rd2 {[%clk 0:09:00]} Qxa4
{[%clk 0:09:00]} 41. Rxe6 {[%clk 0:08:25]} Be8 {[%clk 0:08:12]} 42. Nh6+
{[%clk 0:07:27]} Kg7 {[%clk 0:07:38]} 43. Re7+ {[%clk 0:07:48]} Kh8
{[%clk 0:06:52]} 44. Qxc8 {[%clk 0:08:08]} Qa1+ {[%clk 0:05:54]} 45. Kg2
{[%clk 0:08:13]} Qa4 {[%clk 0:04:48]} 46. Qc7 {[%clk 0:07:35]} Qb5
{[%clk 0:04:23]} 47. Rh7# {[%clk 0:07:56]} 1-0

[Event "EYCC 2024 - G12"]
[Site "?"]
[Date "2024.08.30"]
[Round "8.12"]
[White "Chichinadze, Anastasia"]
[Black "Jordan, Christina"]
[Result "0-1"]
[BlackElo "1811"]
[WhiteElo "1678"]
[LiveChessVersion "1.4.8"]

1. e4 {[%clk 1:30:57]} c5 {[%clk 1:30:55]} 2. Nc3 {[%clk 1:31:18]} a6
{[%clk 1:31:20]} 3. g3 {[%clk 1:31:32]} b5 {[%clk 1:31:43]} 4. Bg2
{[%clk 1:29:54]} Bb7 {[%clk 1:32:06]} 5. d3 {[%clk 1:27:29]} e6 {[%clk 1:31:26]}
6. Be3 {[%clk 1:23:01]} Nf6 {[%clk 1:22:11]} 7. h3 {[%clk 1:20:06]} Be7
{[%clk 1:19:18]} 8. Qd2 {[%clk 1:18:30]} d5 {[%clk 1:14:36]} 9. exd5
{[%clk 1:13:18]} exd5 {[%clk 1:11:23]} 10. Nge2 {[%clk 1:10:15]} Qd7
{[%clk 1:01:53]} 11. d4 {[%clk 1:06:50]} O-O {[%clk 0:57:51]} 12. O-O
{[%clk 0:52:26]} b4 {[%clk 0:55:57]} 13. Nd1 {[%clk 0:52:39]} Ne4
{[%clk 0:55:34]} 14. Bxe4 {[%clk 0:47:55]} dxe4 {[%clk 0:55:59]} 15. dxc5
{[%clk 0:46:50]} Qxd2 {[%clk 0:45:07]} 16. Bxd2 {[%clk 0:47:14]} Bxc5
{[%clk 0:45:34]} 17. Be3 {[%clk 0:41:22]} Be7 {[%clk 0:43:41]} 18. c4
{[%clk 0:37:02]} Nc6 {[%clk 0:41:59]} 19. b3 {[%clk 0:36:02]} Ne5
{[%clk 0:41:37]} 20. Nb2 {[%clk 0:28:02]} Bf6 {[%clk 0:40:13]} 21. Rab1
{[%clk 0:26:22]} Nf3+ {[%clk 0:36:49]} 22. Kg2 {[%clk 0:26:33]} Nd2
{[%clk 0:34:02]} 23. Bxd2 {[%clk 0:23:18]} e3+ {[%clk 0:34:26]} 24. f3
{[%clk 0:23:28]} exd2 {[%clk 0:34:52]} 25. Nd3 {[%clk 0:19:40]} Rfe8
{[%clk 0:28:36]} 26. Kf2 {[%clk 0:15:40]} a5 {[%clk 0:28:24]} 27. Rbd1
{[%clk 0:13:49]} Bc3 {[%clk 0:27:41]} 28. Nc5 {[%clk 0:13:09]} Bc6
{[%clk 0:27:34]} 29. Nd3 {[%clk 0:08:56]} Rad8 {[%clk 0:24:37]} 30. Ndf4
{[%clk 0:08:36]} g5 {[%clk 0:19:21]} 31. Nh5 {[%clk 0:07:02]} Re6
{[%clk 0:18:49]} 32. f4 {[%clk 0:06:48]} Rde8 {[%clk 0:18:21]} 33. Nxc3
{[%clk 0:05:35]} bxc3 {[%clk 0:18:45]} 34. fxg5 {[%clk 0:04:52]} 0-1

[Event "EYCC 2024 - G12"]
[Site "?"]
[Date "2024.08.30"]
[Round "8.13"]
[White "Marusyn, Yana"]
[Black "Alcantara, Levanah"]
[Result "0-1"]
[BlackElo "1807"]
[WhiteElo "1648"]
[LiveChessVersion "1.4.8"]

1. e4 {[%clk 1:30:59]} e6 {[%clk 1:30:43]} 2. d4 {[%clk 1:31:25]} d5
{[%clk 1:31:04]} 3. Nc3 {[%clk 1:31:49]} Nf6 {[%clk 1:31:26]} 4. e5
{[%clk 1:32:15]} Nfd7 {[%clk 1:31:49]} 5. Nf3 {[%clk 1:32:40]} c5
{[%clk 1:31:17]} 6. Be3 {[%clk 1:32:04]} Nc6 {[%clk 1:30:38]} 7. Qd2
{[%clk 1:13:32]} a6 {[%clk 1:23:50]} 8. Be2 {[%clk 1:09:33]} b5 {[%clk 1:21:47]}
9. a3 {[%clk 1:05:20]} Qc7 {[%clk 1:15:50]} 10. Rd1 {[%clk 0:43:06]} cxd4
{[%clk 1:13:39]} 11. Bxd4 {[%clk 0:43:17]} Ndxe5 {[%clk 1:08:57]} 12. Nxe5
{[%clk 0:42:42]} Nxe5 {[%clk 1:08:49]} 13. Qe3 {[%clk 0:35:23]} Bd6
{[%clk 1:03:45]} 14. Nxd5 {[%clk 0:31:20]} exd5 {[%clk 0:59:59]} 15. f4
{[%clk 0:31:06]} O-O {[%clk 0:57:19]} 16. fxe5 {[%clk 0:29:42]} Be7
{[%clk 0:56:17]} 17. c3 {[%clk 0:28:57]} f6 {[%clk 0:53:06]} 18. O-O
{[%clk 0:26:31]} Qc6 {[%clk 0:49:08]} 19. exf6 {[%clk 0:21:14]} Bxf6
{[%clk 0:49:18]} 20. Bxf6 {[%clk 0:21:20]} Rxf6 {[%clk 0:48:42]} 21. Rxf6
{[%clk 0:21:20]} Qxf6 {[%clk 0:47:21]} 22. Qe8+ {[%clk 0:21:07]} Qf8
{[%clk 0:47:43]} 23. Qxf8+ {[%clk 0:21:31]} Kxf8 {[%clk 0:47:59]} 24. Rxd5
{[%clk 0:21:40]} Bb7 {[%clk 0:47:54]} 25. Rd7 {[%clk 0:21:01]} Re8
{[%clk 0:47:41]} 26. Bh5 {[%clk 0:18:36]} Re5 {[%clk 0:45:22]} 27. Rd8+
{[%clk 0:16:05]} Ke7 {[%clk 0:45:26]} 28. Re8+ {[%clk 0:16:30]} Kf6
{[%clk 0:45:17]} 29. Rxe5 {[%clk 0:16:38]} Kxe5 {[%clk 0:45:35]} 30. Bf3
{[%clk 0:16:49]} Bxf3 {[%clk 0:44:27]} 31. gxf3 {[%clk 0:17:13]} Kd5
{[%clk 0:44:02]} 32. b3 {[%clk 0:17:38]} a5 {[%clk 0:44:09]} 33. Kf2
{[%clk 0:10:09]} a4 {[%clk 0:44:02]} 34. bxa4 {[%clk 0:05:41]} bxa4
{[%clk 0:44:26]} 35. Ke3 {[%clk 0:06:04]} Kc4 {[%clk 0:44:42]} 36. Kd2
{[%clk 0:05:55]} Kb3 {[%clk 0:45:04]} 37. Kd3 {[%clk 0:06:16]} Kxa3
{[%clk 0:45:18]} 38. Kc2 {[%clk 0:06:34]} g5 {[%clk 0:44:46]} 39. h3 h5
{[%clk 0:44:01]} 40. h4 {[%clk 0:03:12]} gxh4 {[%clk 0:44:06]} 41. f4
{[%clk 0:03:37]} h3 {[%clk 0:44:28]} 42. f5 {[%clk 0:04:06]} h2 {[%clk 0:44:50]}
43. f6 {[%clk 0:04:35]} h1=Q {[%clk 0:45:01]} 44. f7 {[%clk 0:05:04]} Qf3
{[%clk 0:45:08]} 45. f8=Q+ {[%clk 0:05:30]} Qxf8 {[%clk 0:45:30]} 46. c4
{[%clk 0:05:57]} h4 {[%clk 0:45:47]} 47. Kd3 {[%clk 0:04:48]} h3 {[%clk 0:46:10]}
48. c5 {[%clk 0:05:16]} h2 {[%clk 0:46:15]} 49. Kd2 {[%clk 0:05:37]} h1=Q
{[%clk 0:46:28]} 50. c6 {[%clk 0:06:02]} Qh3 {[%clk 0:46:45]} 51. c7
{[%clk 0:06:22]} Qf2+ {[%clk 0:47:10]} 52. Kd1 {[%clk 0:06:51]} Qhf1#
{[%clk 0:47:33]} 0-1

[Event "EYCC 2024 - G12"]
[Site "?"]
[Date "2024.08.30"]
[Round "8.14"]
[White "Xynidi, Areti"]
[Black "Illes-Nagy, Nora"]
[Result "1/2-1/2"]
[BlackElo "1792"]
[WhiteElo "1672"]
[LiveChessVersion "1.4.8"]

1. Nf3 {[%clk 1:30:58]} d5 {[%clk 1:30:53]} 2. g3 {[%clk 1:31:25]} c6
{[%clk 1:31:18]} 3. Bg2 {[%clk 1:31:51]} Bg4 {[%clk 1:31:41]} 4. h3
{[%clk 1:32:18]} Bh5 {[%clk 1:31:55]} 5. d4 {[%clk 1:31:01]} Nf6 {[%clk 1:30:58]}
6. Ne5 {[%clk 1:30:55]} Nbd7 {[%clk 1:29:22]} 7. O-O {[%clk 1:27:14]} e6
{[%clk 1:25:31]} 8. g4 {[%clk 1:22:07]} Bg6 {[%clk 1:23:03]} 9. f4
{[%clk 1:14:03]} Be4 {[%clk 1:17:25]} 10. Nd2 {[%clk 1:12:25]} Bxg2
{[%clk 1:16:43]} 11. Kxg2 {[%clk 1:12:49]} Nxe5 {[%clk 1:11:15]} 12. dxe5
{[%clk 1:11:16]} Nd7 {[%clk 1:07:34]} 13. e4 {[%clk 1:03:06]} Qc7
{[%clk 0:56:15]} 14. exd5 {[%clk 0:54:37]} cxd5 {[%clk 0:54:07]} 15. Nf3
{[%clk 0:46:19]} O-O-O {[%clk 0:38:37]} 16. Be3 {[%clk 0:38:11]} Bc5
{[%clk 0:35:47]} 17. Bxc5 {[%clk 0:34:43]} Nxc5 {[%clk 0:35:00]} 18. Nd4
{[%clk 0:32:59]} a6 {[%clk 0:32:43]} 19. a4 {[%clk 0:28:45]} Ne4 {[%clk 0:27:28]}
20. a5 {[%clk 0:25:50]} Kb8 {[%clk 0:21:04]} 21. Rf3 {[%clk 0:24:05]} Rc8
{[%clk 0:16:55]} 22. Rb3 {[%clk 0:22:37]} Nc5 {[%clk 0:15:23]} 23. Rb6
{[%clk 0:22:01]} Ne4 {[%clk 0:12:41]} 24. Ra4 {[%clk 0:19:26]} Qd7
{[%clk 0:08:59]} 25. Rab4 {[%clk 0:18:22]} Nc5 {[%clk 0:08:29]} 26. Qe2
{[%clk 0:12:38]} Ka8 {[%clk 0:05:15]} 27. Nb3 {[%clk 0:05:25]} Nxb3
{[%clk 0:03:48]} 28. Rxb3 {[%clk 0:05:36]} Rc6 {[%clk 0:01:45]} 29. Rxb7
{[%clk 0:05:16]} Qxb7 {[%clk 0:02:06]} 30. Rxb7 {[%clk 0:05:43]} Kxb7
{[%clk 0:02:33]} 31. Qd3 {[%clk 0:05:00]} h6 {[%clk 0:01:58]} 32. f5
{[%clk 0:04:19]} Rhc8 {[%clk 0:01:54]} 33. c3 {[%clk 0:04:18]} R8c7
{[%clk 0:01:38]} 34. f6 {[%clk 0:03:59]} g6 {[%clk 0:01:37]} 35. Qe3
{[%clk 0:04:06]} Rc5 {[%clk 0:01:28]} 36. Qxh6 {[%clk 0:03:49]} Rxa5
{[%clk 0:01:16]} 37. Qf8 {[%clk 0:03:37]} Rac5 {[%clk 0:01:05]} 38. h4
{[%clk 0:03:46]} d4 {[%clk 0:01:20]} 39. cxd4 {[%clk 0:03:15]} Rc2+
{[%clk 0:01:08]} 40. Kf3 {[%clk 0:03:38]} Rxb2 {[%clk 0:01:24]} 1/2-1/2

[Event "EYCC 2024 - G12"]
[Site "?"]
[Date "2024.08.30"]
[Round "8.15"]
[White "Gruszecka, Alicja"]
[Black "Ndreko, Ailin"]
[Result "1-0"]
[BlackElo "1642"]
[WhiteElo "1781"]
[LiveChessVersion "1.4.8"]

1. e4 {[%clk 1:30:57]} e5 {[%clk 1:30:43]} 2. Nf3 {[%clk 1:31:18]} Nc6
{[%clk 1:30:54]} 3. Bc4 {[%clk 1:31:39]} Bc5 {[%clk 1:29:14]} 4. b4
{[%clk 1:31:58]} Bxb4 {[%clk 1:27:36]} 5. c3 {[%clk 1:32:20]} Ba5
{[%clk 1:25:03]} 6. d4 {[%clk 1:32:23]} exd4 {[%clk 1:24:35]} 7. O-O
{[%clk 1:32:18]} Nge7 8. Ng5 {[%clk 1:28:22]} Ne5 {[%clk 1:05:55]} 9. Bb3
{[%clk 1:23:46]} h6 {[%clk 0:52:54]} 10. f4 {[%clk 1:18:14]} d5 {[%clk 0:32:46]}
11. fxe5 {[%clk 1:03:24]} hxg5 {[%clk 0:32:40]} 12. cxd4 {[%clk 0:58:12]} Bb6
{[%clk 0:26:02]} 13. Bxg5 {[%clk 0:54:23]} c6 {[%clk 0:25:16]} 14. exd5
{[%clk 0:50:49]} cxd5 {[%clk 0:25:25]} 15. Nc3 {[%clk 0:48:06]} Be6
{[%clk 0:21:41]} 16. Na4 {[%clk 0:45:41]} Rc8 {[%clk 0:17:42]} 17. Nxb6
{[%clk 0:43:01]} Qxb6 {[%clk 0:18:04]} 18. Ba4+ {[%clk 0:41:29]} Nc6
{[%clk 0:18:13]} 19. Rb1 {[%clk 0:40:48]} Qc7 {[%clk 0:17:37]} 20. Qb3
{[%clk 0:40:26]} Rb8 {[%clk 0:16:40]} 21. Qa3 {[%clk 0:36:12]} f6
{[%clk 0:11:15]} 22. exf6 {[%clk 0:28:53]} Qxh2+ {[%clk 0:11:22]} 23. Kf2
{[%clk 0:29:14]} Kf7 {[%clk 0:11:29]} 24. Bxc6 {[%clk 0:27:58]} gxf6
{[%clk 0:11:25]} 25. Qf3 {[%clk 0:25:34]} f5 {[%clk 0:06:14]} 26. Bf4
{[%clk 0:22:56]} Qh4+ {[%clk 0:06:28]} 27. Qg3 {[%clk 0:23:14]} Qf6
{[%clk 0:06:30]} 28. Be5 {[%clk 0:19:10]} f4 {[%clk 0:06:05]} 29. Qxf4
{[%clk 0:19:24]} Qxf4+ {[%clk 0:06:03]} 30. Bxf4 {[%clk 0:19:49]} Rbf8
{[%clk 0:06:05]} 31. Rxb7+ {[%clk 0:19:11]} Kg6 {[%clk 0:06:16]} 32. Ke3
{[%clk 0:16:59]} a6 {[%clk 0:05:02]} 33. Re7 {[%clk 0:16:37]} Bg8
{[%clk 0:03:53]} 34. Re5 {[%clk 0:15:41]} Rh5 {[%clk 0:02:24]} 35. Be8+
{[%clk 0:15:02]} Bf7 {[%clk 0:02:23]} 36. Bxf7+ {[%clk 0:13:51]} Rxf7
{[%clk 0:02:46]} 37. Rxh5 {[%clk 0:14:05]} Kxh5 {[%clk 0:02:55]} 38. Rh1+
{[%clk 0:13:27]} Kg4 {[%clk 0:03:06]} 39. g3 {[%clk 0:13:43]} Re7+
{[%clk 0:03:03]} 40. Be5 {[%clk 0:13:53]} Rb7 {[%clk 0:02:53]} 41. Rh6
{[%clk 0:14:06]} a5 {[%clk 0:03:05]} 42. Ra6 {[%clk 0:13:30]} Rb5
{[%clk 0:01:53]} 43. a4 {[%clk 0:13:31]} Rb3+ {[%clk 0:02:16]} 44. Kd2
{[%clk 0:13:36]} 1-0

[Event "EYCC 2024 - G12"]
[Site "?"]
[Date "2024.08.30"]
[Round "8.16"]
[White "Alfaro Aldunate, Amaya"]
[Black "Milovic, Sofija"]
[Result "1-0"]
[BlackElo "1617"]
[WhiteElo "1725"]
[LiveChessVersion "1.4.8"]

1. e4 {[%clk 1:30:58]} d5 {[%clk 1:30:09]} 2. exd5 {[%clk 1:31:18]} Qxd5
{[%clk 1:30:13]} 3. Nc3 {[%clk 1:31:36]} Qd8 {[%clk 1:30:12]} 4. Bc4
{[%clk 1:31:52]} Nf6 {[%clk 1:30:15]} 5. Nf3 {[%clk 1:32:05]} e6 {[%clk 1:30:04]}
6. d4 {[%clk 1:31:37]} Be7 {[%clk 1:29:52]} 7. O-O {[%clk 1:31:38]} O-O
{[%clk 1:29:41]} 8. Qe2 {[%clk 1:29:28]} a6 {[%clk 1:29:25]} 9. a4
{[%clk 1:29:14]} c5 {[%clk 1:25:40]} 10. dxc5 {[%clk 1:24:24]} Bxc5
{[%clk 1:24:55]} 11. Ne4 {[%clk 1:21:53]} Nxe4 {[%clk 1:23:36]} 12. Qxe4
{[%clk 1:22:13]} Nd7 {[%clk 1:20:44]} 13. Bg5 {[%clk 1:17:14]} Qb6
{[%clk 1:19:28]} 14. Bd3 {[%clk 1:13:54]} f5 {[%clk 1:18:19]} 15. Qc4
{[%clk 1:05:14]} Kh8 {[%clk 1:13:04]} 16. Rae1 {[%clk 0:56:59]} Nf6
{[%clk 1:09:30]} 17. Ne5 {[%clk 0:46:48]} Ng4 {[%clk 1:04:26]} 18. Nxg4
{[%clk 0:40:04]} fxg4 {[%clk 1:04:41]} 19. Be3 {[%clk 0:39:43]} Bxe3
{[%clk 1:03:53]} 20. Rxe3 {[%clk 0:38:55]} Bd7 {[%clk 1:02:24]} 21. Qe4
{[%clk 0:34:48]} Rf5 {[%clk 1:00:14]} 22. Rg3 {[%clk 0:28:16]} h5
{[%clk 0:57:17]} 23. Qe2 {[%clk 0:24:25]} Rf6 {[%clk 0:55:52]} 24. Qe5
{[%clk 0:24:26]} Rh6 {[%clk 0:52:56]} 25. h3 {[%clk 0:21:16]} Qb4
{[%clk 0:50:08]} 26. c4 {[%clk 0:20:08]} Rg8 {[%clk 0:39:21]} 27. hxg4
{[%clk 0:19:08]} hxg4 {[%clk 0:38:09]} 28. Rxg4 {[%clk 0:19:21]} Bxa4
{[%clk 0:32:18]} 29. Rg5 {[%clk 0:17:36]} Qd2 {[%clk 0:31:25]} 30. Rh5
{[%clk 0:14:30]} Rxh5 {[%clk 0:31:10]} 31. Qxh5+ {[%clk 0:14:59]} Qh6
{[%clk 0:31:31]} 32. Qe5 {[%clk 0:12:47]} Rf8 {[%clk 0:25:02]} 33. f4
{[%clk 0:10:13]} Bc6 {[%clk 0:24:14]} 34. Be4 {[%clk 0:09:53]} Bxe4
{[%clk 0:23:31]} 35. Qxe4 {[%clk 0:10:22]} b5 {[%clk 0:21:17]} 36. c5
{[%clk 0:09:41]} Rf5 {[%clk 0:21:05]} 37. c6 {[%clk 0:09:38]} Rh5
{[%clk 0:13:12]} 38. c7 {[%clk 0:05:55]} Rh1+ {[%clk 0:11:49]} 39. Kf2
{[%clk 0:06:22]} Rxf1+ {[%clk 0:11:37]} 40. Kxf1 {[%clk 0:06:51]} Qh1+
{[%clk 0:11:55]} 41. Ke2 {[%clk 0:05:55]} Qh5+ {[%clk 0:11:38]} 42. Qf3
{[%clk 0:04:59]} Qe8 {[%clk 0:10:51]} 43. Qb7 {[%clk 0:04:56]} Qh5+
{[%clk 0:11:03]} 44. Kd2 {[%clk 0:04:42]} 1-0